[Event "?"]
[Site "?"]
[Date "????.??.??"]
[Round "?"]
[White "Hansch, S."]
[Black "Peredy, F."]
[Result "0-1"]
[WhiteElo "2044"]
[BlackElo "2210"]
[PlyCount "114"]
[EventDate "2014.??.??"]

1. d4 f5 2. Nf3 Nf6 3. g3 g6 4. Bg2 Bg7 5. O-O O-O 6. b3 d6 7. Bb2 Qe8 8. d5 c6
9. c4 Na6 10. Nc3 Bd7 11. Nd4 Nc7 12. Qd2 Rb8 13. Rac1 c5 14. Nf3 a6 15. e4 Ng4
16. h3 Ne5 17. Nxe5 Bxe5 18. exf5 Bxf5 19. Ne4 Bxb2 20. Qxb2 Bxe4 21. Bxe4 b5
22. Qc2 Qf7 23. Rce1 Qg7 24. Bd3 Rf3 25. Qe2 Rbf8 26. cxb5 axb5 27. Be4 Rc3 28.
Bg2 Rf7 29. Qe4 b4 30. h4 Qf6 31. Qg4 Qf5 32. Qxf5 gxf5 33. Re3 Nb5 34. Rfe1
Kf8 35. f4 Rc1 36. R3e2 Rc3 37. Re3 Rc2 38. R3e2 Rxe2 39. Rxe2 Nd4 40. Re1 Rg7
41. Kf2 Kf7 42. Bf1 Rg8 43. Rd1 Ra8 44. Rd2 e5 45. fxe5 dxe5 46. Bc4 Kf6 47. g4
fxg4 48. Kg3 h5 49. Rf2+ Nf5+ 50. Kg2 e4 51. d6 Ke5 52. d7 Rd8 53. Bb5 Nxh4+
54. Kh2 Nf3+ 55. Kg3 Nd4 56. Ba4 Nf5+ 57. Kg2 e3 0-1